<?xml version="1.0" encoding="UTF-8"?>
<resp>
  <nextPage>https://data.bn.org.pl/api/networks/bibs.marcxml?marc=001+b1000001694486&amp;sinceId=1000001694487</nextPage>
  <collection>
    <record xmlns='http://www.loc.gov/MARC21/slim'><leader>01855nam a2200541 i 4500</leader><controlfield tag='001'>b1000001694486</controlfield><controlfield tag='005'>20241203214248.5</controlfield><controlfield tag='008'>220105s2020    gw a         |001 0 eng c</controlfield><controlfield tag='009'>9912484635705606</controlfield><datafield ind1=' ' ind2=' ' tag='020'><subfield code='a'>9783110723496</subfield><subfield code='q'>(oprawa twarda)</subfield></datafield><datafield ind1=' ' ind2=' ' tag='020'><subfield code='z'>9783110726572</subfield><subfield code='q'>(PDF)</subfield></datafield><datafield ind1=' ' ind2=' ' tag='020'><subfield code='z'>9783110727104</subfield><subfield code='q'>(EPUB)</subfield></datafield><datafield ind1=' ' ind2=' ' tag='035'><subfield code='a'>(PL)b1000001694486</subfield></datafield><datafield ind1=' ' ind2=' ' tag='040'><subfield code='a'>WA N</subfield><subfield code='c'>WA N</subfield><subfield code='d'>WA N</subfield></datafield><datafield ind1='2' ind2=' ' tag='045'><subfield code='b'>d850</subfield><subfield code='b'>d1000</subfield></datafield><datafield ind1=' ' ind2=' ' tag='046'><subfield code='k'>2020</subfield></datafield><datafield ind1='1' ind2=' ' tag='100'><subfield code='a'>Galambos, Imre</subfield><subfield code='d'>(1967- )</subfield><subfield code='e'>Autor</subfield></datafield><datafield ind1='1' ind2='0' tag='245'><subfield code='a'>Dunhuang manuscript culture :</subfield><subfield code='b'>end of the first millennium /</subfield><subfield code='c'>Imre Galambos.</subfield></datafield><datafield ind1=' ' ind2=' ' tag='260'><subfield code='a'>Berlin ;</subfield><subfield code='a'>Boston :</subfield><subfield code='b'>De Gruyter,</subfield><subfield code='c'>© 2020.</subfield></datafield><datafield ind1=' ' ind2=' ' tag='300'><subfield code='a'>VIII, 289 [1] strona :</subfield><subfield code='b'>ilustracje ;</subfield><subfield code='c'>cm.</subfield></datafield><datafield ind1=' ' ind2=' ' tag='336'><subfield code='a'>Tekst</subfield><subfield code='b'>txt</subfield><subfield code='2'>rdacontent</subfield></datafield><datafield ind1=' ' ind2=' ' tag='337'><subfield code='a'>Bez urządzenia pośredniczącego</subfield><subfield code='b'>n</subfield><subfield code='2'>rdamedia</subfield></datafield><datafield ind1=' ' ind2=' ' tag='338'><subfield code='a'>Wolumin</subfield><subfield code='b'>nc</subfield><subfield code='2'>rdacarrier</subfield></datafield><datafield ind1=' ' ind2=' ' tag='380'><subfield code='a'>Książki</subfield></datafield><datafield ind1=' ' ind2=' ' tag='380'><subfield code='a'>Publikacje naukowe</subfield></datafield><datafield ind1='1' ind2=' ' tag='388'><subfield code='a'>2001-</subfield></datafield><datafield ind1='1' ind2=' ' tag='490'><subfield code='a'>Studies in manuscript cultures ;</subfield><subfield code='v'>Volume 22</subfield><subfield code='x'>2365-9696</subfield></datafield><datafield ind1=' ' ind2=' ' tag='504'><subfield code='a'>Bibliografia, netografia na stronach 255-284. Indeks.</subfield></datafield><datafield ind1=' ' ind2='7' tag='648'><subfield code='a'>801-900</subfield><subfield code='2'>DBN</subfield></datafield><datafield ind1=' ' ind2='7' tag='648'><subfield code='a'>901-1000</subfield><subfield code='2'>DBN</subfield></datafield><datafield ind1=' ' ind2='7' tag='650'><subfield code='a'>Rękopisy chińskie</subfield><subfield code='2'>DBN</subfield></datafield><datafield ind1=' ' ind2='7' tag='651'><subfield code='a'>Dunhuang (Chiny)</subfield><subfield code='2'>DBN</subfield></datafield><datafield ind1=' ' ind2='7' tag='655'><subfield code='a'>Opracowanie</subfield><subfield code='2'>DBN</subfield></datafield><datafield ind1=' ' ind2=' ' tag='658'><subfield code='a'>Bibliotekarstwo, archiwistyka, muzealnictwo</subfield></datafield><datafield ind1=' ' ind2='0' tag='830'><subfield code='a'>Studies in manuscript cultures ;</subfield><subfield code='v'>Volume 22</subfield><subfield code='x'>2365-9696</subfield></datafield><datafield ind1=' ' ind2=' ' tag='852'><subfield code='b'>48OMNIS_NETWORK</subfield><subfield code='8'>9912484635705606</subfield></datafield><datafield ind1=' ' ind2=' ' tag='852'><subfield code='b'>48OMNIS_NLOP</subfield><subfield code='8'>991052970926205066</subfield></datafield><datafield ind1=' ' ind2=' ' tag='852'><subfield code='8'>22703027560005066</subfield><subfield code='j'>1</subfield><subfield code='h'>2.610.595</subfield><subfield code='b'>BN_PL</subfield><subfield code='p'>30001025323311</subfield><subfield code='c'>bzdk</subfield></datafield></record>
  </collection>
</resp>
